| 000 | 00728nam a22002177a 4500 | ||
|---|---|---|---|
| 999 |
_c7342 _d7342 |
||
| 003 | AR-CdUCM | ||
| 008 | 190320b ||||| |||| 00| 0 spa d | ||
| 040 |
_aMUNICIPALIDAD PROVINCIAL DEL CUSCO _cBIBLIOTECA MUNICIPAL DEL CUSCO |
||
| 082 |
_a960 / _bD64 |
||
| 100 |
_aDeschamps, Hubert _914094 |
||
| 245 | _aLas instituciones políticas del África negra / | ||
| 260 |
_aEspaña : _bOikos-tau, _c1971. |
||
| 300 |
_a127 páginas ; _c18 cm. |
||
| 440 |
_a¿que es? _n41 _920686 |
||
| 505 | _aLas instituciones tradicionales -- El periodo colonial y la evolución -- La nueva África... | ||
| 650 |
_aÁfrica. _91289 |
||
| 650 |
_aHistoria. _9136 |
||
| 650 |
_aHistoria de África. _920687 |
||
| 942 |
_2ddc _cLIBROS |
||
| 945 | _awfj | ||